01106cam a22002897a 4500003000500000005001700005008004100022010001000063011001000073035001000083040000900093082001800102110008700120245003200207260004400239300002600283505022500309650003800534650002700572650002100599650002700620650002400647650004000671650003800711650004400749650002300793CHAP20220817042444.0971013s1969 r 00010 d a45236 a46208 a50349 cCHAP a972.0059bU55 aUniversidad Nacional Autónoma de México. Instituto de Investigaciones Sociales14aLos calendarios de México aMéxico, D.F. :bLa Universidad,c1969 a4 v.b: ilus. ; mapas aContenido: v.1 Clima; fluctuaciones económicas agricultura; mortalidad y morbilidad.- v.2 Administración pública; educación y cívicos; trabajo.- v.3 Electorales.- v.4 Litúrgicos; fiestas y ferias turísticos14aAgriculturaxCalendariosxMexico.14aAgriculturazMéxico.14aClimaxMéxico.14aEducaciónxMéxico.14aFolklorexMéxico.14aMéxicoxCondiciones económicas.14aMéxicoxEstadísticas vitales.14aTrabajo y trabajadoresxEstadísticas.14aTurismozMéxico.